NBA 2003 Playoffs Starters - Statistics

General Stats
  • This quiz has been taken 540 times
    518 since last reset
  • The average score is 45 of 80
Answer Stats
Team Player % Correct
Lakers Shaquille O'Neal
99%
Lakers Kobe Bryant
98%
Spurs Tim Duncan
98%
76ers Allen Iverson
96%
Mavericks Dirk Nowitzki
96%
Nets Jason Kidd
96%
Timberwolves Kevin Garnett
96%
Mavericks Steve Nash
96%
Pistons Ben Wallace
95%
Jazz Karl Malone
95%
Trail Blazers Rasheed Wallace
95%
Spurs Tony Parker
95%
Pacers Brad Miller
94%
Jazz John Stockton
94%
Pacers Reggie Miller
94%
Pistons Chauncey Billups
93%
Pacers Jermaine O'Neal
92%
Celtics Paul Pierce
91%
Pistons Clifford Robinson
90%
Spurs David Robinson
90%
Lakers Derek Fisher
90%
Kings Chris Webber
86%
Pistons Richard Hamilton
86%
Suns Amar'e Stoudemire
79%
Kings Peja Stojaković
78%
Magic Tracy McGrady
78%
Kings Vlade Divac
77%
Bucks Ervin Johnson
75%
Kings Mike Bibby
75%
Suns Scott Williams
75%
Spurs Stephen Jackson
74%
Pacers Ron Artest
72%
Bucks Sam Cassell
71%
Celtics Antoine Walker
69%
Hornets Baron Davis
67%
Spurs Bruce Bowen
67%
Trail Blazers Dale Davis
67%
Suns Shawn Marion
67%
Nets Richard Jefferson
63%
Lakers Robert Horry
63%
Nets Kenyon Martin
62%
76ers Keith Van Horn
57%
76ers Eric Snow
56%
Mavericks Michael Finley
55%
Suns Stephon Marbury
55%
Kings Doug Christie
54%
Suns Penny Hardaway
53%
Timberwolves Wally Szczerbiak
52%
Bucks Gary Payton
50%
Nets Kerry Kittles
46%
Hornets P.J. Brown
46%
Trail Blazers Derek Anderson
40%
Hornets Jamal Mashburn
36%
Lakers Devean George
34%
Nets Jason Collins
32%
76ers Kenny Thomas
31%
Bucks Tim Thomas
31%
Pacers Jamaal Tinsley
29%
Pistons Michael Curry
26%
Jazz Greg Ostertag
25%
Hornets Jamaal Magloire
25%
Celtics Tony Battie
24%
Hornets David Wesley
23%
Trail Blazers Bonzi Wells
22%
Mavericks Raef LaFrentz
21%
Bucks Desmond Mason
20%
76ers Derrick Coleman
19%
Mavericks Raja Bell
19%
Trail Blazers Zach Randolph
19%
Timberwolves Rasho Nesterović
18%
Timberwolves Anthony Peeler
11%
Jazz Matt Harpring
11%
Celtics Tony Delk
11%
Timberwolves Troy Hudson
10%
Magic Drew Gooden
8%
Celtics Walter McCarty
7%
Magic Jacque Vaughn
5%
Magic Andrew DeClercq
4%
Jazz Calbert Cheaney
4%
Magic Gordan Giriček
3%
No matching quizzes found
Score Distribution
Percent of People with Each Score
Percentile by Number Answered
Your Score History
You have not taken this quiz since the last reset